[Event "TUR-ch U07/12"]
[Site "Antalya"]
[Date "2023.01.25"]
[Round "6"]
[White "Ozcinar, Adar"]
[Black "Oz, Ege"]
[Result "1/2-1/2"]
[WhiteElo "1339"]
[BlackElo "1574"]
[PlyCount "64"]
[EventDate "2023.01.17"]
[EventType "swiss"]
[EventRounds "10"]
[EventCountry "TUR"]
[SourceTitle "EXT 2024"]
[Source "ChessBase"]
[SourceDate "2023.10.10"]
[SourceVersion "1"]
[SourceVersionDate "2023.10.10"]
[SourceQuality "1"]

1. c4 e6 2. Nc3 d5 3. cxd5 exd5 4. d4 Nf6 5. g3 Bd6 6. Bg2 c6 7. e3 Bf5 8. Nge2 0-0 9. 0-0 Re8 10. a3 a5 11. b3 Nbd7 12. Bb2 Nf8 13. Rc1 Qe7 14. a4 Ng6 15. Qd2 h5 16. Rfd1 h4 17. Ra1 h3 18. Bh1 Bb4 19. Qc1 Ne4 20. Ba3 Ng5 21. Bxb4 axb4 22. Nb1 Bg4 23. Re1 Nf3+ 24. Bxf3 Bxf3 25. Nd2 Bg4 26. Qc2 Qf6 27. Qc1 Qg5 28. Qc2 Rxe3 29. fxe3 Bf5 30. Qd1 Qxe3+ 31. Kf1 Be4 32. Nf4 Bd3+ 1/2-1/2